000
00329nam a22001457a 4500
005
20161022151548.0
008
161022b xxu||||| |||| 00| 0 eng d
041
_a
eng
100
_a
KARMAKAR,H.N
_9
3626
245
_a
ONELINE METAL MINING
260
_b
VERMA
300
_a
132
650
_a
MINING ENGINEERING
_9
3627
942
_c
BK
999
_c
5282
_d
5280